Statistics for Страны, начинающиеся на букву М

Click here to take the quiz!

General Stats

  • This quiz has been taken 1 344 times
  • The average score is 9 of 16

Answer Stats

Страна% Correct
Мавритания
68%
Монако
67%
Монголия
67%
Мексика
66%
Мали
64%
Мальта
64%
Малайзия
63%
Марокко
63%
Молдова
60%
Маврикий
54%
Мальдивы
54%
Мадагаскар
53%
Мьянма
52%
Мозамбик
49%
Малави
42%
Маршалловы Острова
29%

Score Distribution

Percentile by Number Answered

Percent of People with Each Score

Your Score History

You have not taken this quiz